|
|
|
|
| LEADER |
00893nam a2200241 a 4500 |
| 001 |
00011588 |
| 008 |
111221s1997 nyua b 001 0 eng d |
| 020 |
|
|
|a 0471336750
|
| 020 |
|
|
|a 9780471336754
|
| 040 |
|
|
|a AUT
|c AUT
|d BD-DhAAL
|
| 082 |
0 |
0 |
|a 657.044
|2 22
|
| 245 |
0 |
0 |
|a Accounting & finance for managers /
|c Barry J. Cooper ... [et al.]
|
| 260 |
|
|
|a Brisbane :
|b John Wiley & Sons,
|c 1997
|
| 300 |
|
|
|a viii, 336 p. ;
|c 25 cm
|
| 504 |
|
|
|a Includes Bibliographical references and Index.
|
| 541 |
|
|
|e 00011588
|
| 650 |
|
0 |
|a Accounting
|
| 650 |
|
0 |
|a Managerial accounting
|
| 650 |
|
0 |
|a Business enterprises
|x Finance
|
| 700 |
1 |
|
|a Cooper, Barry J
|
| 852 |
1 |
|
|a Ayesha Abed Library
|c General shelf.
|
| 999 |
|
|
|c 11694
|d 11694
|
| 952 |
|
|
|0 0
|1 0
|4 0
|6 657_044000000000000_ACC
|7 0
|9 19011
|a BRACUL
|b BRACUL
|c GEN
|d 2011-12-28
|l 3
|m 7
|o 657.044 ACC
|p 3010011588
|r 2016-07-17
|s 2016-07-12
|t 1
|w 2011-12-28
|y BK
|x Available
|